Представление документа в формате MARC21

Поле Инд. ПП Название Значение
Тип записи a
Библиографический уровень m
001 Контрольный номер DU/518525244
005 Дата корректировки 20260330094546.5
020 a ISBN 9785991660327
084 a Индекс другой классификации/Индекс ББК 60.55-3я73
090 a Полочн. индекс 60.55-3я73
x Авторский знак О 641
100 1_ a Автор Воскресенская Ю. В.
q Полное имя Воскресенская Юлия Викторовна
100 1_ a Автор Иванова И. А.
q Полное имя Иванова Ирина Анатольевна
100 1_ a Автор Латфуллин Г. Р.
q Полное имя Латфуллин Габдельахат Рашидович
100 1_ a Автор Мусаелян И. К.
q Полное имя Мусаелян Игорь Константинович
100 1_ a Автор Незамайкин И. В.
q Полное имя Незамайкин Иван Валерьевич
100 1_ a Автор Новичков Н. В.
q Полное имя Новичков Николай Владимирович
100 1_ a Автор Орлова Л. В.
q Полное имя Орлова Любовь Васильевна
100 1_ a Автор Райченко А. В.
q Полное имя Райченко Александр Васильевич
100 1_ a Автор Свешникова Е. В.
q Полное имя Свешникова Елена Владимировна
100 1_ a Автор Серебрякова Г. В.
q Полное имя Серебрякова Галина Валентиновна
100 1_ a Автор Смирнова В. Г.
q Полное имя Смирнова Валентина Григорьевна
245 10 a Заглавие Организационная культура
b Продолж. заглавия учебник и практикум для академического бакалавриата
c Ответственность Государственный университет управления; ответственный редактор В. Г. Смирнова; рецензенты А. Я. Кибанов, М. А. Дерябина
260 a Место издания Москва
b Издательство Юрайт
c Дата издания 2016
300 a Объем 306 с.
336 a Термин вида содержания Текст
337 a Термин типа средства непосредственный + электронный
440 _0 a Серия Бакалавр. Академический курс
504 a Библиография Лит.: с. 298 - 299. - Глоссарий: с. 300
541 1_ a Номер заявки 5501
b Заявитель МельниковаН.Е.
c Факультет/Кафедра/Подразделение Кафедра социологии и гуманитарных наук
d Дата заявки 16.04.2016
f Дисциплина социология образования
h Уровень подготовки Бакалавриат
n Количество экземпляров 5
650 04 a Основная рубрика организационное поведение
a Основная рубрика социология
a Основная рубрика социология организаций
653 0_ a Ключевые слова групповое взаимодействие
a Ключевые слова коммуникации
a Ключевые слова менеджмент знаний
a Ключевые слова методы управления
a Ключевые слова мотивация
a Ключевые слова обмен знаниями
a Ключевые слова организации
a Ключевые слова организационная антропология
a Ключевые слова организационная культура
a Ключевые слова организационная среда
a Ключевые слова организационные компетенции
a Ключевые слова сетевые коммуникации
a Ключевые слова создание ценности
a Ключевые слова социальные сети
a Ключевые слова сторителлинг
a Ключевые слова технологии управления
a Ключевые слова управление знаниями
a Ключевые слова управление организацией
a Ключевые слова управленческие решения
a Ключевые слова ценностное управление
a Ключевые слова ценностно-ориентированное управление
655 a Жанр/ форма (устаревшее) учебное пособие
a Жанр/ форма (устаревшее) практикум
700 12 a Автор Кибанов А. Я.
e Роль лиц рецензент
700 1_ a Автор Дерябина М. А.
e Роль лиц рецензент
856 40 a Имя сервера/домена ЭБС ЮРАЙТ
d Путь https://urait.ru
i Указания/сценарий входа Доступ по логину и паролю
u URL https://urait.ru/bcode/387087
v Время доступа к ресурсу 25.03.2027
y Справочный текст Электронная версия
900 a Имя электронного ресурса obl_Smirnova_Org kultura
x Справочная информация Обложка
900 x Справочная информация Полный текст
901 t Тип документа m
952 a Тип литературы для КСУ ВШ УИ